000 00712nam a2200205 a 4500
001 000017000
005 20240731082000.0
008 100312s2001 sp bc 001 0 spa d
020 _a1564090469
040 _aDO-SdBNP
_bspa
_cBNPHU
082 _aR 036
_bE56h, 2001
245 0 0 _aEnciclopedia hispánica :
_bdatapedia y atlas.
250 _a2a ed.
260 _aBarcelona, España :
_bBarsa Planeta,
_c2001.
300 _a134 p. :
_bmapas., retrs. ;
_c29 cm.
500 _aIncluye índice de tablas
500 _aReimpresiones actualizadas en 1990-1991, 1991-1992, 1992-1993, 1994-1995, 1995-1996, 1999, 2000
650 0 _aEnciclopedias y diccionarios
_92045
910 _aValidado. Control de calidad MMOLINA
999 _c16528
_d16528